000 00398cam a2200169ua 4500
041 _aeng
_h
082 _a604.2
_bABB/TE
100 _aAbbott, W.
245 _aTechnical drawing, Part 3 /
_cW Abbott.
_hTextual Documents
250 _a1 /
_b.
260 _aLondon :
_bBlackie & Son Ltd ,
_c1961.
300 _a70 ; .
362 0 _aPart 3-
504 _a
942 _cBK
999 _c10399
_d10399